Planning for early learning : educating young children

Bibliographic Details
Main Author: Hurst, Victoria
Format: Book
Published: London : Paul Chapman Publishing Ltd , 1997
Edition:2nd ed
Subjects:

MARC

LEADER 00000cam a2200000 7i4500
001 0000083473
005 20040921.0
020 |a 1853963445 
090 0 0 |a 372.21   |b HUR 
100 1 |a Hurst, Victoria 
245 1 0 |a Planning for early learning :   |b educating young children   |c Victoria Hurst 
250 |a 2nd ed 
260 |a London :   |b Paul Chapman Publishing Ltd ,   |c 1997 
300 |a 158p. ;   |c 24cm. 
650 0 0 |a Education, Preschool 
999 |a 00174744   |b BUKU   |c RUJUKAN   |e PERPUSTAKAAN KOMUNITI PETALING JAYA